Statistics for The Greatest quiz

Click here to take the quiz!

General Stats

  • This quiz has been taken 18 times
  • The average score is 3 of 7

Answer Stats

HintAnswer% Correct
How many time zones are there in Russia?11
73%
What’s the national flower of Japan?Cherry blossom
67%
Until 1923, what was the Turkish city of Istanbul called?Constantinople
67%
Louis Armstrong was a master of which brass instrument?Trumpet
60%
Which famous graffiti artist comes from Bristol?Banksy
53%
What is the slang name for New York City?Gotham
0%
Evil Knievel's real name?Robert
0%

Score Distribution

Percentile by Number Answered

Percent of People with Each Score

Your Score History

You have not taken this quiz